Gaming Quiz

Random Gaming or Clip Quiz

2014 Video Game Music Quiz Stats

Quiz not verified by Sporcle

Challenge
Share
Tweet
Score 0/30 Timer 15:00
0 Plays Today
Time Game % Correct
0:00 - 0:15Hearthstone: Heroes of Warcraft
52.9%
5:30 - 5:45Shovel Knight
48.3%
1:15 - 1:30Mario Kart 8
46%
4:15 - 4:30Kirby: Triple Deluxe
34.5%
3:00 - 3:15Professor Layton and the Azran Legacy
33.3%
0:15 - 0:30Persona Q: Shadow of the Labyrinth
31%
3:45 - 4:00Five Nights at Freddy's
28.7%
6:00 - 6:15Bayonetta 2
28.7%
2:15 - 2:30South Park: The Stick of Truth
26.4%
6:30 - 6:45Bravely Default
26.4%
4:30 - 4:45Dark Souls II
24.1%
7:00 - 7:15Dragon Age: Inquisition
24.1%
5:00 - 5:15Danganronpa: Trigger Happy Havoc
18.4%
7:15 - 7:30Persona 4 Arena Ultimax
14.9%
5:45 - 6:00Guilty Gear Xrd -SIGN-
13.8%
Time Game % Correct
6:45 - 7:00Transistor
13.8%
0:30 - 0:45Destiny
11.5%
2:30 - 2:45BlazBlue: Chrono Phantasma
10.3%
2:00 - 2:15Luftrausers
9.2%
2:45 - 3:00Valiant Hearts: The Great War
9.2%
0:45 - 1:00Strider
8%
4:00 - 4:15The Banner Saga
8%
3:15 - 3:30Child of Light
6.9%
4:45 - 5:00Plants vs. Zombies: Garden Warfare
6.9%
6:15 - 6:30The Evil Within
6.9%
1:00 - 1:15Azure Striker Gunvolt
5.7%
1:45 - 2:00Call of Duty: Advanced Warfare
4.6%
3:30 - 3:45Titanfall
3.4%
5:15 - 5:30inFamous: Second Son
3.4%
1:30 - 1:45Terra Battle
2.3%

You're not logged in!

Compare scores with friends on all Sporcle quizzes.
Join for Free
OR
Log In

You Might Also Like...

Show Comments

Extras

Top Quizzes Today


Score Distribution

Your Account Isn't Verified!

In order to create a playlist on Sporcle, you need to verify the email address you used during registration. Go to your Sporcle Settings to finish the process.

Report this User

Report this user for behavior that violates our Community Guidelines.

Details: